[Event "RE-2012-0-00105"]
[Site "LSS email"]
[Date "2012.12.31"]
[Round "?"]
[White "Grassmann, Igor"]
[Black "Ausan, Leo Tito Jr"]
[Result "1-0"]
[WhiteElo "1358"]
[BlackElo "1058"]
[PlyCount "27"]
[EventDate "2012.09.08"]
[EventType "tourn (corr)"]
[EventRounds "6"]
[EventCountry "GER"]
[SourceTitle "Corr 2015"]
[Source "ChessBase"]
[SourceDate "2015.07.17"]
[SourceVersion "1"]
[SourceVersionDate "2015.07.17"]
[SourceQuality "1"]

1. h3 e5 2. e4 Nf6 3. Nc3 Bb4 4. a3 Bxc3 5. dxc3 0-0 6. Qf3 b6 7. Bg5 d6 8. Bxf6 Qxf6 9. Qxf6 gxf6 10. g4 Nd7 11. Ne2 Nc5 12. Ng3 Bb7 13. Bg2 Ne6 14. Nh5 1-0

[Event "SE-2012-0-00117"]
[Site "LSS email"]
[Date "2012.09.05"]
[Round "?"]
[White "Couspeyre, Thierry"]
[Black "Grassmann, Igor"]
[Result "0-1"]
[WhiteElo "1200"]
[BlackElo "1358"]
[PlyCount "68"]
[EventDate "2012.07.29"]
[EventType "tourn (corr)"]
[EventRounds "6"]
[EventCountry "GER"]
[SourceTitle "Telechess CBM 161"]
[Source "ChessBase"]
[SourceDate "2014.07.16"]
[SourceVersion "1"]
[SourceVersionDate "2014.07.16"]
[SourceQuality "1"]

1. e4 h6 2. Bc4 Nc6 3. d4 e6 4. Nf3 d5 5. exd5 Bb4+ 6. c3 exd5 7. cxb4 dxc4 8. d5 Qe7+ 9. Be3 Nxb4 10. 0-0 Nf6 11. Re1 0-0 12. Nc3 Nd3 13. Re2 Qd6 14. Nb5 Qd7 15. Qa4 a6 16. Nfd4 Nxd5 17. Qxc4 Ne5 18. Qa4 Nb6 19. Qc2 axb5 20. Bf4 Ng6 21. Bxc7 Qxd4 22. Rd1 Qf6 23. Rd6 Be6 24. Rxb6 Rfc8 25. a3 Nf4 26. Rd2 Rxc7 27. Qxc7 Qg6 28. f3 Nh3+ 29. Kf1 Qb1+ 30. Ke2 Re8 31. Ke3 Bc4+ 32. Kd4 Qg1+ 33. Kc3 Qe3+ 34. Kc2 Qb3+ 0-1

[Event "SE-2012-0-00117"]
[Site "LSS email"]
[Date "2012.09.05"]
[Round "?"]
[White "Sirotkin, Evgenji"]
[Black "Grassmann, Igor"]
[Result "1/2-1/2"]
[WhiteElo "1667"]
[BlackElo "1358"]
[PlyCount "95"]
[EventDate "2012.07.29"]
[EventType "tourn (corr)"]
[EventRounds "6"]
[EventCountry "GER"]
[SourceTitle "Telechess CBM 161"]
[Source "ChessBase"]
[SourceDate "2014.07.16"]
[SourceVersion "1"]
[SourceVersionDate "2014.07.16"]
[SourceQuality "1"]

1. d4 Nf6 2. c4 c6 3. Nc3 d5 4. cxd5 cxd5 5. Nf3 e6 6. Bf4 Be7 7. e3 a6 8. Bd3 Nh5 9. Be5 0-0 10. 0-0 Nc6 11. h3 f5 12. Rc1 Nf6 13. Bf4 Ne4 14. a3 Ra7 15. Na4 Bd7 16. b4 Be8 17. Nc5 Bxc5 18. bxc5 Bh5 19. Be2 g5 20. Bh2 f4 21. Nd2 Nxd2 22. Qxd2 Bxe2 23. Qxe2 Qf6 24. Rce1 f3 25. Qxf3 Qxf3 26. gxf3 Rxf3 27. Kg2 Rf7 28. f4 gxf4 29. Rxf4 Rxf4 30. Bxf4 Na5 31. Kf3 Ra8 32. Rg1+ Kf7 33. Rb1 Kg6 34. Rb6 Re8 35. e4 Nc6 36. Rxb7 Nxd4+ 37. Ke3 Nc2+ 38. Kd3 Nxa3 39. c6 Nb5 40. Be5 Rf8 41. Rg7+ Kh6 42. h4 Kh5 43. Rxh7+ Kg4 44. h5 Rc8 45. c7 Kg5 46. Ke3 a5 47. h6 dxe4 48. Bf4+ 1/2-1/2

[Event "RF-2012-0-00107"]
[Site "LSS email"]
[Date "2012.02.22"]
[Round "?"]
[White "Arriola, Roger"]
[Black "Grassmann, Igor"]
[Result "1/2-1/2"]
[WhiteElo "982"]
[BlackElo "1217"]
[PlyCount "74"]
[EventDate "2012.01.20"]
[EventType "tourn (corr)"]
[EventRounds "6"]
[EventCountry "GER"]
[SourceTitle "Telechess CBM 155"]
[Source "ChessBase"]
[SourceDate "2013.07.16"]
[SourceVersion "1"]
[SourceVersionDate "2013.07.16"]
[SourceQuality "1"]

1. e4 c5 2. c4 Nc6 3. Nf3 g6 4. Nc3 Bg7 5. Be2 Nf6 6. h3 d6 7. 0-0 0-0 8. a3 Nd4 9. d3 Bd7 10. Be3 Nh5 11. Nd5 e6 12. Nf4 Nxf4 13. Bxf4 Ba4 14. Qd2 Nb3 15. Qc2 f5 16. Bg5 Qb6 17. Rae1 f4 18. g3 e5 19. Kg2 h6 20. Be7 Rf7 21. Nh4 Kh7 22. Bg5 hxg5 23. Nf3 Kh6 24. g4 Bd7 25. Rh1 Bf6 26. Bd1 Nd4 27. Nxd4 exd4 28. f3 Qa5 29. Qf2 Be6 30. a4 Qb4 31. Re2 Rh8 32. b3 Rfh7 33. Ree1 Kg7 34. Qe2 Kf8 35. Bc2 a5 36. Ref1 Rh4 37. Rf2 Ke7 1/2-1/2

[Event "RF-2012-0-00107"]
[Site "LSS email"]
[Date "2012.02.22"]
[Round "?"]
[White "Schoenbuchner, Gerhard"]
[Black "Grassmann, Igor"]
[Result "0-1"]
[WhiteElo "1037"]
[BlackElo "1217"]
[PlyCount "76"]
[EventDate "2012.01.20"]
[EventType "tourn (corr)"]
[EventRounds "6"]
[EventCountry "GER"]
[SourceTitle "Telechess CBM 155"]
[Source "ChessBase"]
[SourceDate "2013.07.16"]
[SourceVersion "1"]
[SourceVersionDate "2013.07.16"]
[SourceQuality "1"]

1. e4 e5 2. Nf3 Nc6 3. Bb5 a6 4. Ba4 Nf6 5. d3 b5 6. Bb3 Be7 7. Bg5 d6 8. Qd2 0-0 9. Nc3 Bg4 10. 0-0-0 Rb8 11. h3 Bxf3 12. gxf3 Nd4 13. Qe3 a5 14. a3 Ng4 15. Bxe7 Nxe3 16. Bxd8 Nxd1 17. Bxc7 Rbc8 18. Bxd6 Nxc3 19. Bxf8 Nxb3+ 20. cxb3 Nxe4+ 21. Kb1 Nd2+ 22. Ka2 Kxf8 23. Re1 Rc5 24. Re3 Rd5 25. a4 b4 26. Ka1 Nxb3+ 27. Ka2 Rxd3 28. Rxd3 Nc1+ 29. Kb1 Nxd3 30. Kc2 Nf4 31. Kb3 Nxh3 32. Kc4 h5 33. Kb5 h4 34. Kxa5 Nxf2 35. Kxb4 h3 36. a5 h2 37. a6 h1Q 38. a7 Qxf3 0-1

[Event "CP-2011-P-00042"]
[Site "LSS email"]
[Date "2011.09.30"]
[Round "?"]
[White "Grassmann, Igor"]
[Black "Borisovs, Leonids"]
[Result "0-1"]
[WhiteElo "1220"]
[BlackElo "2169"]
[PlyCount "86"]
[EventDate "2011.10.01"]
[EventType "tourn (corr)"]
[EventRounds "6"]
[EventCountry "GER"]
[SourceTitle "Telechess CBM 165"]
[Source "ChessBase"]
[SourceDate "2015.03.11"]
[SourceVersion "1"]
[SourceVersionDate "2015.03.11"]
[SourceQuality "1"]

1. e4 c5 2. Nf3 d6 3. d4 cxd4 4. Bb5+ Nc6 5. Qxd4 Bd7 6. Bxc6 Bxc6 7. Nc3 Nf6 8. Bg5 e6 9. 0-0-0 Be7 10. Bxf6 Bxf6 11. Qxd6 Bxc3 12. bxc3 Qxd6 13. Rxd6 Bxe4 14. Ne5 Rc8 15. f3 Bd5 16. Kb2 Rc7 17. Re1 0-0 18. Rd1 b5 19. c4 bxc4 20. Kc3 h5 21. Rd7 Rxd7 22. Nxd7 Rc8 23. Ne5 g5 24. Rd4 f5 25. h4 g4 26. Rd2 Kg7 27. f4 Rb8 28. g3 Rb1 29. Nxc4 Ra1 30. Kb4 Kf6 31. Ne5 Rxa2 32. Re2 a5+ 33. Kc5 Ke7 34. Rd2 a4 35. Kb4 Ke8 36. Rd3 Rxc2 37. Kxa4 Rb2 38. Rc3 Kd8 39. Nf7+ Kd7 40. Ka5 Rb1 41. Ka4 Rb7 42. Ne5+ Ke7 43. Rd3 Kd6 0-1

[Event "CP-2011-P-00042"]
[Site "LSS email"]
[Date "2011.09.30"]
[Round "?"]
[White "Grassmann, Igor"]
[Black "Schulz, Hans Juergen"]
[Result "1/2-1/2"]
[WhiteElo "1220"]
[BlackElo "1890"]
[PlyCount "53"]
[EventDate "2011.10.01"]
[EventType "tourn (corr)"]
[EventRounds "6"]
[EventCountry "GER"]
[SourceTitle "Telechess CBM 165"]
[Source "ChessBase"]
[SourceDate "2015.03.11"]
[SourceVersion "1"]
[SourceVersionDate "2015.03.11"]
[SourceQuality "1"]

1. e4 c5 2. Nf3 d6 3. Bc4 Nf6 4. Nc3 e6 5. d4 cxd4 6. Nxd4 Nc6 7. Be3 Be7 8. Qe2 a6 9. 0-0 0-0 10. a4 Bd7 11. Nxc6 Bxc6 12. a5 Nxe4 13. Nxe4 d5 14. Rfd1 Qc8 15. Bc5 Bxc5 16. Nxc5 dxc4 17. Qxc4 Qc7 18. Nd3 Rfd8 19. Nb4 Rxd1+ 20. Rxd1 Qxa5 21. Nxc6 Qc7 22. Rd3 bxc6 23. g3 a5 24. Rc3 Rc8 25. Qc5 h6 26. b3 e5 27. Re3 1/2-1/2

[Event "CP-2011-P-00042"]
[Site "LSS email"]
[Date "2011.09.30"]
[Round "?"]
[White "Santos, Maria Cristina"]
[Black "Grassmann, Igor"]
[Result "0-1"]
[WhiteElo "1510"]
[BlackElo "1220"]
[PlyCount "108"]
[EventDate "2011.10.01"]
[EventType "tourn (corr)"]
[EventRounds "6"]
[EventCountry "GER"]
[SourceTitle "Telechess CBM 165"]
[Source "ChessBase"]
[SourceDate "2015.03.11"]
[SourceVersion "1"]
[SourceVersionDate "2015.03.11"]
[SourceQuality "1"]

1. d4 Nf6 2. c4 e6 3. Nc3 c5 4. d5 Bd6 5. e4 Be5 6. Bd3 exd5 7. cxd5 d6 8. Nf3 Nbd7 9. Qc2 0-0 10. 0-0 Re8 11. Re1 Rb8 12. a4 a6 13. b3 Ra8 14. h3 Nh5 15. Be2 Nf4 16. Nxe5 Nxe2+ 17. Nxe2 Nxe5 18. Bb2 Qh4 19. Ng3 Ng6 20. e5 dxe5 21. Qxc5 f6 22. Bc1 f5 23. Qc4 Qe7 24. Bb2 Bd7 25. d6+ Qf7 26. Rac1 Qxc4 27. Rxc4 Rac8 28. Rec1 Rc6 29. Rxc6 bxc6 30. Ne2 e4 31. b4 Re6 32. Rd1 Kf7 33. Kf1 Ne5 34. Nf4 Re8 35. h4 Nc4 36. Bc3 g6 37. Ke2 h6 38. Rc1 g5 39. hxg5 hxg5 40. Ba1 Nb6 41. a5 Na4 42. Nh3 Kg6 43. Ke3 Re6 44. g4 f4+ 45. Nxf4+ gxf4+ 46. Kxf4 Rxd6 47. Kxe4 Rd5 48. Be5 Rb5 49. Bd6 Kf7 50. f4 c5 51. bxc5 Bxg4 52. Kd4 Rxa5 53. Rg1 Be6 54. f5 Bxf5 0-1

[Event "SN-2011-0-00383"]
[Site "LSS email"]
[Date "2011.09.27"]
[Round "?"]
[White "Secondi, Alberto"]
[Black "Grassmann, Igor"]
[Result "0-1"]
[WhiteElo "611"]
[BlackElo "1220"]
[PlyCount "39"]
[EventDate "2011.09.08"]
[EventType "tourn (corr)"]
[EventRounds "6"]
[EventCountry "GER"]
[SourceTitle "Telechess CBM 153"]
[Source "ChessBase"]
[SourceDate "2013.03.14"]
[SourceVersion "1"]
[SourceVersionDate "2013.03.14"]
[SourceQuality "1"]

1. d4 d5 2. c4 e6 3. Nc3 Nf6 4. Nf3 Be7 5. Bg5 h6 6. Bh4 0-0 7. e3 b6 8. cxd5 Nxd5 9. Bd3 Bxh4 10. Nxh4 Qxh4 11. 0-0 Nxc3 12. bxc3 Bb7 13. e4 Rd8 14. f3 c5 15. Qc2 cxd4 16. cxd4 Rxd4 17. Rad1 Nc6 18. Bb5 Rad8 19. Rxd4 Nxd4 20. Ba4 0-1